| 000 | 00981nam a2200253Ia 4500 | ||
|---|---|---|---|
| 999 |
_c50503 _d50503 |
||
| 001 | 17452 | ||
| 003 | GE_BSU | ||
| 005 | 20221111115506.0 | ||
| 008 | 181216s2014ru xx |||||||||||||| ||rus|| | ||
| 020 | _a 9785865478690x | ||
| 040 | _cGE_BSU | ||
| 041 | _arus | ||
| 080 | _a811.161.1 Ч-45 | ||
| 100 |
_aЧернышов, С.И. _97063 |
||
| 245 |
_aПоехали! Русский язык для взрослых : _bБазовый курс: Часть 2: Том I / _cС.И. Чернышов ; А. Чернышова ; Ред . И.В.Евстратова. |
||
| 250 | _a6-е изд. | ||
| 264 |
_aСанкт-Петербург : _bЗЛАТОУСТ, _c2014. |
||
| 300 |
_a168 стр.: _bил.; _c29 см. |
||
| 653 | _aРусский язык для взрослых | ||
| 653 | _aრუსული ენა | ||
| 700 |
_aЧернышова, А. _97068 _eავტორი |
||
| 700 |
_aЕвстратова, И.В. _eრედაქტორი _97062 |
||
| 942 |
_cBK _2udc |
||